000 00439 a2200169 4500
003 OSt
005 20180116182634.0
008 160502b xxu||||| |||| 00| 0 eng d
040 _c0
082 _a338.5 JEH
100 _aGeoferey A. Jehle
110 _aPhilip J.Reny
245 _aAdvanced Microeconmic Theory.
_cGeoferey A. Jehle.
250 _a2nd Ed
260 _aPearson Education Indain
_c2001
942 _aNBS
_cBK
_k338.5 JEH
_2ddc
999 _c343171
_d343171